Nelson English literature & media 10 / (Record no. 1047)

000 -LEADER
fixed length control field 01163 am a2200385 i 4500
003 - CONTROL NUMBER IDENTIFIER
control field CaAEU
005 - DATE AND TIME OF LATEST TRANSACTION
control field 20210623091147.0
008 - FIXED-LENGTH DATA ELEMENTS--GENERAL INFORMATION
fixed length control field 000103t20012001onca 000 0 eng d
020 ## - INTERNATIONAL STANDARD BOOK NUMBER
International Standard Book Number 017618709X
020 ## - INTERNATIONAL STANDARD BOOK NUMBER
International Standard Book Number 9780176187095
020 ## - INTERNATIONAL STANDARD BOOK NUMBER
International Standard Book Number 0176187197
020 ## - INTERNATIONAL STANDARD BOOK NUMBER
International Standard Book Number 9780176187194
040 ## - CATALOGING SOURCE
Transcribing agency UWO
043 ## - GEOGRAPHIC AREA CODE
Geographic area code n-cn-on
050 ## - LIBRARY OF CONGRESS CALL NUMBER
Classification number PE1121
Item number .L57 2001
055 #3 - CLASSIFICATION NUMBERS ASSIGNED IN CANADA
Classification number PE1121
Item number L57 2000
090 ## - LOCALLY ASSIGNED LC-TYPE CALL NUMBER (OCLC); LOCAL CALL NUMBER (RLIN)
Classification number (OCLC) (R) ; Classification number, CALL (RLIN) (NR) 428.6 NEL
Local cutter number (OCLC) ; Book number/undivided call number, CALL (RLIN) AEVC
245 00 - TITLE STATEMENT
Title Nelson English literature & media 10 /
Statement of responsibility, etc. Neil Andersen [and others]
264 #1 - PRODUCTION, PUBLICATION, DISTRIBUTION, MANUFACTURE, AND COPYRIGHT NOTICE
Place of production, publication, distribution, manufacture [Scarborough, ON]:
Name of producer, publisher, distributor, manufacturer Nelson Thomson Learning,
Date of production, publication, distribution, manufacture, or copyright notice [2001]
264 #4 - PRODUCTION, PUBLICATION, DISTRIBUTION, MANUFACTURE, AND COPYRIGHT NOTICE
Date of production, publication, distribution, manufacture, or copyright notice ©2001
300 ## - PHYSICAL DESCRIPTION
Extent xii, 420 pages :
Other physical details illustrations (some color) ;
Dimensions 23 cm
336 ## - CONTENT TYPE
Content type term text
Content type code txt
Source rdacontent
337 ## - MEDIA TYPE
Media type term unmediated
Media type code n
Source rdamedia
338 ## - CARRIER TYPE
Carrier type term volume
Carrier type code nc
Source rdacarrier
650 #0 - SUBJECT ADDED ENTRY--TOPICAL TERM
Topical term or geographic name entry element Readers (Secondary)
700 1# - ADDED ENTRY--PERSONAL NAME
Personal name Andersen, Neil,
Dates associated with a name 1949-
Relator term author
942 ## - ADDED ENTRY ELEMENTS (KOHA)
Source of classification or shelving scheme
Koha item type Book
Suppress in OPAC SO
Holdings
Withdrawn status Lost status Source of classification or shelving scheme Damaged status Not for loan Permanent Location Current Location Shelving location Date acquired Total Checkouts Full call number Barcode Date last seen Date last checked out Price effective from Koha item type Public note
          AU LIBRARY AU LIBRARY Open Shelf 23.06.2021 1 PE1121 .L57 2001 28000406 31.05.2022 17.05.2022 23.06.2021 Book SO

Powered by Koha